Vplyv leteckej dopravy na rozvoj cestovného ruchu na Slovensku bakalárska práca

Salvato in:
Dettagli Bibliografici
Autore principale: Marton, Ján
Ente Autore: Obchodná fakulta EU. Katedra služieb a cestovného ruchu - zrušené
Altri autori: Staňo, Roman
Natura: Libro
Lingua:slovacco
Pubblicazione: Bratislava 2009
Tags: Aggiungi Tag
Nessun Tag, puoi essere il primo ad aggiungerne!!

MARC

LEADER 00000nam$a2200000$$$4500
001 0102814
005 20240318140356.6
041 0 |a slo 
044 |a SK 
245 1 0 |a Vplyv leteckej dopravy na rozvoj cestovného ruchu na Slovensku  |b bakalárska práca  |c Ján Marton ; škol. Roman Staňo 
264 1 |a Bratislava  |c 2009 
300 |a 57 s. 
100 1 |a Marton, Ján 
700 1 |a Staňo, Roman 
710 2 |a Obchodná fakulta EU. Katedra služieb a cestovného ruchu - zrušené